000 01009nam a22003017a 4500
001 6658
003 FISKH
005 20250519105353.0
008 250519b cb ||||| |||| 00| 0 eng d
020 _a9780590466721
040 _aFISKH
_beng
_cFISKH
_dFISKH
050 _aPZ8.P661 L
082 _a813
100 _aPiper, Watty
_d (–1957)
245 _aThe little engine that could /
_cRetold by Watty Piper ; Illustrated by George & Doris Hauman
250 _aThis edition first published in 1976
260 _aNew York :
_bScholastic,
_c1976
300 _a39 unnumbered pages :
_bcolor illustrations ;
_c22 x 24 cm
505 _aJ
520 _aAlthough she is not very big, the Little Blue Engine agrees to try to pull a stranded train full of toys over the mountain.
521 8 _a500
_bLexile
521 8 _aJ
_bRaz-Plus
650 _2Toys
_aTransportation
650 _2Perseverance
_aDetermination
700 _aHauman, Doris
_dillustrator
942 _2ddc
_cBK
_n0
999 _c6658
_d6658